|
|
|
|
| LEADER |
00000cam a22000004a 4500 |
| 001 |
musev2_74308 |
| 003 |
MdBmJHUP |
| 005 |
20230905051711.0 |
| 006 |
m o d |
| 007 |
cr||||||||nn|n |
| 008 |
160423s1999 mx o 00 0 spa d |
| 020 |
|
|
|a 9786075640785
|
| 020 |
|
|
|z 9789681208578
|
| 035 |
|
|
|a (OCoLC)1151195376
|
| 040 |
|
|
|a MdBmJHUP
|c MdBmJHUP
|
| 100 |
1 |
|
|a Várguez Pasos, Luis A.
|
| 245 |
1 |
0 |
|a Identidad, henequén y trabajo :
|b los desfibradores de Yucatán /
|c Luis A. Várguez Pasos.
|
| 250 |
|
|
|a 1. ed.
|
| 264 |
|
1 |
|a Mexico, D.F. :
|b Colegio de Mexico, Centro de Estudios Sociológicos,
|c 1999.
|
| 264 |
|
3 |
|a Baltimore, Md. :
|b Project MUSE,
|c 2020
|
| 264 |
|
4 |
|c ©1999.
|
| 300 |
|
|
|a 1 online resource:
|b illustrations
|
| 336 |
|
|
|a text
|b txt
|2 rdacontent
|
| 337 |
|
|
|a computer
|b c
|2 rdamedia
|
| 338 |
|
|
|a online resource
|b cr
|2 rdacarrier
|
| 506 |
0 |
|
|a Open Access
|f Unrestricted online access
|2 star
|
| 588 |
|
|
|a Description based on print version record.
|
| 650 |
|
7 |
|a Agaves.
|2 ram
|
| 650 |
|
7 |
|a Ethnicite
|z Mexique
|z Chiapas (Mexique)
|2 ram
|
| 650 |
|
7 |
|a Indiens
|z Mexique
|z Chiapas (Mexique)
|x Identite collective.
|2 ram
|
| 650 |
|
7 |
|a Henequen industry
|x Employees.
|2 fast
|0 (OCoLC)fst00955148
|
| 650 |
|
7 |
|a Henequen industry.
|2 fast
|0 (OCoLC)fst00955147
|
| 650 |
|
7 |
|a Group identity.
|2 fast
|0 (OCoLC)fst00948442
|
| 650 |
|
7 |
|a PSYCHOLOGY
|x Social Psychology.
|2 bisacsh
|
| 650 |
|
6 |
|a Identite collective
|z Mexique
|z Yucatán (État)
|v Études de cas.
|
| 650 |
|
6 |
|a Henequen
|x Industrie
|z Mexique
|z Yucatán (État)
|
| 650 |
|
6 |
|a Henequen
|x Industrie
|z Mexique
|z Yucatán (État)
|x Personnel.
|
| 650 |
|
0 |
|a Group identity
|z Mexico
|z Yucatán (State)
|v Case studies.
|
| 650 |
|
0 |
|a Henequen industry
|z Mexico
|z Yucatán (State)
|
| 650 |
|
0 |
|a Henequen industry
|z Mexico
|z Yucatán (State)
|x Employees.
|
| 651 |
|
7 |
|a Mexico
|z Yucatán (State)
|2 fast
|0 (OCoLC)fst01330523
|
| 655 |
|
7 |
|a Case studies.
|2 fast
|0 (OCoLC)fst01423765
|
| 655 |
|
7 |
|a Electronic books.
|2 local
|
| 710 |
2 |
|
|a Project Muse.
|e distributor
|
| 830 |
|
0 |
|a Book collections on Project MUSE.
|
| 856 |
4 |
0 |
|z Texto completo
|u https://projectmuse.uam.elogim.com/book/74308/
|